Datum a čas kvízu
26
Celkem bodů
Celkový počet nahraných bodů na tomto kvízu bez doplňovacích otázek.
7.
Pořadí na kvízu
Konečné umístění týmu na tomto kvízu.
Zaznamenané odpovědi
| # | Otázka | Odpověď | Body | Výsledky |
|---|---|---|---|---|
| 1. | Od prosince 2022 je v provozu... | A | 1 | |
| 2. | V jednom státě nedlouho po pre... | Brazílie | 0 | |
| 3. | Dva letošní Zlaté globy – za n... | Steven Spielberg, Fabelmanovi | 0 | |
| 4. | Jak se jmenuje knižní bestsell... | Náhradník (Spare) | 1 | |
| 5. | Bývalá světová jednička a drži... | Naomi Ósaka | 0 | |
| 6. | V tomto tématu se budeme věnov... | imploze | 1 | |
| 7. | Výbuchy lze rozdělit na několi... | Krakatoa (Krakatau) | 0 | |
| 8. | Na obrázku vidíte výbuch vzduc... | 1937 (1935-6, 1938-9 za půl bodu) | 0 | |
| 9. | Jaderný výbuch je důsledkem pr... | KLDR (Severní Korea) | 1 | |
| 10. | Poznáte podle ukázky film z ro... | Saturnin | 0 |